[Event "Ch BLR U20 g"]
[Site "?"]
[Date "2015.04.07"]
[Round "5.5"]
[White "Badelka, O."]
[Black "Fiadosenka, R."]
[Result "1/2-1/2"]
[WhiteElo "2046"]
[BlackElo "1952"]
[PlyCount "98"]
[EventDate "2015.??.??"]

1. d4 Nf6 2. c4 c5 3. d5 d6 4. f3 g6 5. e4 Bg7 6. Ne2 O-O 7. Nec3 Na6 8. Be3 e6
9. Be2 exd5 10. cxd5 Nc7 11. a4 Nd7 12. O-O f5 13. exf5 Rxf5 14. Bd3 Rf8 15.
Na3 Ne5 16. Be4 Bd7 17. Qb3 Rb8 18. Nab5 Nxb5 19. Nxb5 Bxb5 20. axb5 a6 21. Qa4
Qd7 22. bxa6 b5 23. Qc2 Nc4 24. Bc1 Qa7 25. Ra2 Rb6 26. b3 Bd4+ 27. Kh1 Ne5 28.
h4 Rxa6 29. Rxa6 Qxa6 30. h5 Qb7 31. hxg6 hxg6 32. g3 c4 33. Kg2 Qf7 34. Qd1
Bc5 35. Bb2 Ra8 36. Bb1 Re8 37. Rh1 Kg7 38. f4 Rh8 39. Rf1 Qd7 40. f5 Kg8 41.
bxc4 Nxc4 42. Bc1 Rh5 43. g4 Rh4 44. Bg5 Qh7 45. Rh1 Rxh1 46. Qxh1 Qxh1+ 47.
Kxh1 gxf5 48. Bxf5 b4 49. Bh6 b3 1/2-1/2

[Event "Ch BLR U20 g"]
[Site "?"]
[Date "2015.04.08"]
[Round "6.1"]
[White "Nevioselaya, M."]
[Black "Fiadosenka, R."]
[Result "1/2-1/2"]
[WhiteElo "2028"]
[BlackElo "1952"]
[PlyCount "78"]
[EventDate "2015.??.??"]

1. e4 Nf6 2. e5 Nd5 3. c4 Nb6 4. d4 d6 5. exd6 exd6 6. Bd3 Be7 7. Ne2 Bg4 8.
O-O Nc6 9. f3 Bh5 10. Nbc3 O-O 11. b3 Bf6 12. Be3 Re8 13. Bf2 Bg6 14. a3 a5 15.
Nf4 Bxd3 16. Qxd3 Bg5 17. Nfd5 Nxd5 18. Nxd5 Ne7 19. Nxe7+ Rxe7 20. d5 Qd7 21.
Rae1 Rae8 22. Rxe7 Rxe7 23. Re1 b6 24. Re4 Qe8 25. Bd4 f5 26. Rxe7 Qxe7 27. Kf2
Bh4+ 28. g3 Bf6 29. Qe3 Kf7 30. Qxe7+ Kxe7 31. Ke3 Bxd4+ 32. Kxd4 Kf6 33. b4
axb4 34. axb4 h6 35. Ke3 Ke5 36. f4+ Kf6 37. h3 g6 38. Kf3 Kf7 39. Ke3 Kf6 {
Ke4 Ke5+} 1/2-1/2

[Event "Ch BLR U20 g"]
[Site "?"]
[Date "2015.04.08"]
[Round "6.2"]
[White "Uzlavataya, A."]
[Black "Badelka, O."]
[Result "1-0"]
[WhiteElo "1989"]
[BlackElo "2046"]
[PlyCount "99"]
[EventDate "2015.??.??"]

1. e4 c5 2. Nf3 Nc6 3. d4 cxd4 4. Nxd4 Qb6 5. Nb3 Nf6 6. Nc3 e6 7. Bd3 d6 8.
Be3 Qc7 9. f4 a6 10. a4 Be7 11. Qf3 Nb4 12. O-O Bd7 13. a5 Rc8 14. Bb6 Qb8 15.
g4 Nxd3 16. cxd3 Bc6 17. Nd4 Nd7 18. f5 O-O 19. Nxc6 bxc6 20. Na4 Bf6 21. Be3
exf5 22. Qxf5 Rcd8 23. Nb6 Qb7 24. g5 g6 25. Nxd7 gxf5 26. Nxf6+ Kg7 27. Bd4 h6
28. Rxf5 Rg8 29. Kh1 Kf8 30. Nxg8 Kxg8 31. gxh6 Kh7 32. Rg1 Rg8 33. Rg7+ Rxg7
34. hxg7 f6 35. Bxf6 Qf7 36. Bc3 Qb3 37. Rf3 Qd1+ 38. Kg2 Qe2+ 39. Kg3 Qd1 40.
Kf4 Kg8 41. Kg3 Kh7 42. Kf4 Kg8 43. Ke3 Qg1+ 44. Ke2 Qxh2+ 45. Rf2 Qh5+ 46. Kd2
Kh7 47. Rf8 Qh2+ 48. Kc1 Qg1+ 49. Kc2 Qg2+ 50. Kb3 1-0

[Event "Ch BLR U20 g"]
[Site "?"]
[Date "2015.04.08"]
[Round "6.3"]
[White "Kaliadzich, M."]
[Black "Malatsilava, V."]
[Result "0-1"]
[WhiteElo "2080"]
[BlackElo "2063"]
[PlyCount "138"]
[EventDate "2015.??.??"]

1. d4 Nf6 2. c4 d6 3. Nf3 c6 4. Nc3 Nbd7 5. g3 g6 6. Bg2 Bg7 7. O-O O-O 8. e4
Qc7 9. h3 e5 10. Be3 Re8 11. Qc2 a5 12. Rfd1 Nf8 13. dxe5 dxe5 14. Bc5 N6d7 15.
Bd6 Qd8 16. c5 b6 17. cxb6 Qxb6 18. Na4 Qb7 19. Rac1 Ne6 20. Qxc6 Qxc6 21. Rxc6
Bb7 22. Rc4 Rac8 23. Rdc1 Rxc4 24. Rxc4 Ba6 25. Rc1 Bd3 26. Ne1 Bb5 27. Nc3 Nd4
28. Rd1 Bc4 29. b3 Be6 30. Kf1 f6 31. Bc7 Ra8 32. Na4 Ra7 33. Bd6 Kf7 34. Nd3
Ra6 35. Ba3 Rc6 36. Ndc5 Bf8 37. Nb7 Bxa3 38. Nd8+ Ke7 39. Nxc6+ Nxc6 40. f4
Nd4 41. g4 g5 42. f5 Bf7 43. Kf2 h5 44. Nc3 h4 45. Bf1 Bb2 46. Na4 Ba3 47. Nc3
Nb6 48. Ba6 Be8 49. Bb7 Bb2 50. Rd3 Kd6 51. Nd1 Ba3 52. Ne3 Bb5 53. Rd1 Bc5 54.
Kg2 Be2 55. Rc1 Ba3 56. Re1 Bb4 57. Rb1 Nd7 58. Bd5 Nc5 59. a3 Bxa3 60. Nc4+
Bxc4 61. bxc4 Bb4 62. Kf2 Ndb3 63. Ke2 a4 64. Rb2 a3 65. Rxb3 Nxb3 66. c5+ Nxc5
67. Kd1 Nd3 68. Kc2 Nf2 69. Kb3 Bc5 0-1

[Event "Ch BLR U20 g"]
[Site "?"]
[Date "2015.04.08"]
[Round "6.4"]
[White "Stashis, A."]
[Black "Kusenkova, N."]
[Result "0-1"]
[WhiteElo "1842"]
[BlackElo "2014"]
[PlyCount "66"]
[EventDate "2015.??.??"]

1. e4 c5 2. f4 Nc6 3. Nf3 g6 4. Bb5 Qc7 5. Bxc6 Qxc6 6. Nc3 Bg7 7. Qe2 Nh6 8.
d3 b5 9. O-O b4 10. Nd5 d6 11. Re1 e6 12. Ne3 O-O 13. g4 f5 14. Ng5 fxe4 15.
dxe4 Nf7 16. Nxf7 Rxf7 17. Qf3 Bb7 18. Nc4 Qc7 19. Qg3 d5 20. exd5 exd5 21. Ne5
Re7 22. Bd2 Rae8 23. Nd3 Re2 24. Rad1 R8e4 25. c3 bxc3 26. bxc3 c4 27. Rxe2
Rxe2 28. Nc1 Re4 29. Re1 d4 30. Rxe4 Bxe4 31. Qe1 Qc6 32. cxd4 Bxd4+ 33. Be3
Bh1 0-1

[Event "Ch BLR U20 g"]
[Site "?"]
[Date "2015.04.08"]
[Round "6.5"]
[White "Khrapko, M."]
[Black "Mitskevich, Y."]
[Result "1/2-1/2"]
[WhiteElo "1931"]
[BlackElo "1957"]
[PlyCount "48"]
[EventDate "2015.??.??"]

1. e4 e5 2. Nf3 Nc6 3. Bb5 g6 4. O-O Bg7 5. c3 a6 6. Ba4 Nge7 7. d4 exd4 8.
cxd4 O-O 9. d5 Na5 10. Nc3 d6 11. Bc2 b5 12. Nd4 Bb7 13. Rb1 c5 14. dxc6 Naxc6
15. Nxc6 Bxc6 16. Nd5 Nxd5 17. exd5 Bb7 18. Bf4 Qf6 19. Qd2 Rac8 20. Bb3 Rfe8
21. Rfe1 h5 22. g3 Bf8 23. Rbc1 Qf5 24. Rcd1 Kh7 1/2-1/2

[Event "Ch BLR U20 g"]
[Site "?"]
[Date "2015.04.09"]
[Round "7.1"]
[White "Mitskevich, Y."]
[Black "Nevioselaya, M."]
[Result "1-0"]
[WhiteElo "1957"]
[BlackElo "2028"]
[PlyCount "91"]
[EventDate "2015.??.??"]

1. e4 e5 2. Nf3 Nc6 3. d4 exd4 4. Nxd4 Bc5 5. Be3 Qf6 6. c3 Nge7 7. Bc4 Qg6 8.
O-O Ne5 9. Be2 O-O 10. Nd2 d6 11. Bh5 Qf6 12. f4 N5c6 13. Kh1 Nxd4 14. cxd4
Bxd4 15. e5 dxe5 16. fxe5 Qxe5 17. Nc4 Qd5 18. Bxd4 Qxc4 19. Rc1 Qd5 20. Bc5
Qg5 21. Bxf7+ Kh8 22. Qe2 Rxf7 23. Bxe7 Qg6 24. Rxc7 Bg4 25. Qc4 Be6 26. Qc1 h6
27. Rxf7 Bxf7 28. h3 Bd5 29. Qd2 Qe6 30. Qc3 Qg6 31. Qd2 Bc6 32. Bh4 Rf8 33.
Kh2 Kh7 34. Bg3 Qe4 35. b4 Rf6 36. a3 Rg6 37. Qf2 a6 38. Rf7 Qd3 39. h4 Be4 40.
Rf4 Rc6 41. Rg4 Bf5 42. Rd4 Qb1 43. Rd5 Be4 44. Rd7 Qa1 45. Qe3 Bf5 46. Be5 1-0

[Event "Ch BLR U20 g"]
[Site "?"]
[Date "2015.04.09"]
[Round "7.2"]
[White "Kusenkova, N."]
[Black "Khrapko, M."]
[Result "1-0"]
[WhiteElo "2014"]
[BlackElo "1931"]
[PlyCount "101"]
[EventDate "2015.??.??"]

1. d4 c5 2. d5 e5 3. e4 d6 4. Nc3 Be7 5. Nf3 Bg4 6. h3 Bxf3 7. Qxf3 Bg5 8. Bxg5
Qxg5 9. Nb5 Qd8 10. Qg4 Kf8 11. Nxd6 Nf6 12. Qc8 Qxc8 13. Nxc8 Nxe4 14. Bd3 Nf6
15. Nd6 Nbd7 16. O-O-O b6 17. Rhe1 g6 18. Bb5 Rd8 19. Nc4 Re8 20. Re3 Kg7 21.
Rde1 Rd8 22. Bc6 e4 23. Ra3 a5 24. Rb3 a4 25. Rb5 h5 26. d6 Rhe8 27. Nxb6 Re6
28. Nc4 Ne5 29. Nxe5 Rxe5 30. Rd1 Nd7 31. Rb7 Nf8 32. Bxa4 Ne6 33. Bb3 Kf8 34.
Bxe6 Rxe6 35. d7 Re5 36. a4 f5 37. c4 f4 38. a5 Ke7 39. a6 Re6 40. a7 Ra6 41.
Rd5 Re6 42. Kd2 e3+ 43. fxe3 fxe3+ 44. Ke2 Ra6 45. Kxe3 Re6+ 46. Kd2 Ra6 47.
Rd3 g5 48. Re3+ Kf7 49. Re8 Rxd7+ 50. Rxd7+ Kxe8 51. Rh7 1-0

[Event "Ch BLR U20 g"]
[Site "?"]
[Date "2015.04.09"]
[Round "7.3"]
[White "Malatsilava, V."]
[Black "Stashis, A."]
[Result "1-0"]
[WhiteElo "2063"]
[BlackElo "1842"]
[PlyCount "97"]
[EventDate "2015.??.??"]

1. e4 d5 2. exd5 Nf6 3. d4 Nxd5 4. c4 Nb6 5. Nc3 e5 6. d5 c6 7. Be3 Bb4 8. Qb3
Bxc3+ 9. bxc3 O-O 10. Rd1 Qf6 11. Bd3 cxd5 12. cxd5 Bd7 13. Bb5 Bxb5 14. Qxb5
Qg6 15. Kf1 Na6 16. d6 Rfd8 17. Bxb6 axb6 18. Qxb6 Qc2 19. Qb3 Qxb3 20. axb3
Nc5 21. h4 Nxb3 22. Rh3 Nc5 23. Re3 f6 24. Rd5 Ra1+ 25. Ke2 b6 26. Nh3 Ra7 27.
f4 exf4 28. Nxf4 Rad7 29. Nd3 Rxd6 30. Rxd6 Rxd6 31. Nxc5 bxc5 32. Re8+ Kf7 33.
Rc8 Rd5 34. Rc7+ Kg6 35. c4 Re5+ 36. Kf3 Rf5+ 37. Ke4 h5 38. Rxg7+ Kxg7 39.
Kxf5 Kf7 40. g4 hxg4 41. Kxg4 Kg6 42. h5+ Kh6 43. Kf5 Kxh5 44. Kxf6 Kg4 45. Ke5
Kf3 46. Kd5 Kf4 47. Kxc5 Ke5 48. Kc6 Ke6 49. c5 {Kd5+} 1-0

[Event "Ch BLR U20 g"]
[Site "?"]
[Date "2015.04.09"]
[Round "7.4"]
[White "Badelko, O."]
[Black "Kaliadzich, M."]
[Result "0-1"]
[WhiteElo "2046"]
[BlackElo "2080"]
[PlyCount "88"]
[EventDate "2015.??.??"]

1. d4 d5 2. c4 c6 3. Nf3 Nf6 4. e3 g6 5. Nc3 Bg7 6. Be2 O-O 7. O-O a6 8. a4 a5
9. b3 Na6 10. Ba3 Re8 11. Rc1 Ne4 12. Nxe4 dxe4 13. Nd2 f5 14. f4 exf3 15. Nxf3
Qc7 16. c5 Be6 17. Bc4 Bd5 18. Bxd5+ cxd5 19. Qd3 Nb8 20. b4 axb4 21. Bxb4 Rxa4
22. Qb3 Qc6 23. Rb1 Ra7 24. Bc3 Nd7 25. Ra1 Rea8 26. Rxa7 Rxa7 27. Rb1 e6 28.
Be1 e5 29. Bg3 e4 30. Ne1 g5 31. Nc2 Qe6 32. Bd6 Bf8 33. Bg3 Bh6 34. Bd6 f4 35.
Nb4 Nf6 36. Be5 Ng4 37. Nxd5 Nxe5 38. dxe5 Kg7 39. Qc4 Qxe5 40. Nc3 fxe3 41.
Rf1 g4 42. Nxe4 Ra1 43. Ng3 e2 44. Nf5+ Kh8 0-1

[Event "Ch BLR U20 g"]
[Site "?"]
[Date "2015.04.09"]
[Round "7.5"]
[White "Fiadosenka, R."]
[Black "Uzlavataya, A."]
[Result "1-0"]
[WhiteElo "1952"]
[BlackElo "1989"]
[PlyCount "77"]
[EventDate "2015.??.??"]

1. e4 c5 2. c3 d5 3. exd5 Qxd5 4. d4 Nc6 5. Nf3 cxd4 6. cxd4 Bg4 7. Nc3 Bxf3 8.
Nxd5 Bxd1 9. Nc7+ Kd8 10. Nxa8 Bg4 11. f3 Bf5 12. Bf4 e5 13. Bxe5 Bb4+ 14. Kf2
Nxe5 15. dxe5 Kc8 16. Rc1+ Kb8 17. g4 Bd7 18. Nc7 Ne7 19. Bb5 Bc8 20. Rhd1 h5
21. Kg3 hxg4 22. fxg4 Ba5 23. Nd5 Ng6 24. h3 Nxe5 25. b4 Bd8 26. Rc2 a6 27. Bf1
Bh4+ 28. Kg2 Bd7 29. Bc4 f5 30. Nb6 Bc6+ 31. Bd5 fxg4 32. Bxc6 gxh3+ 33. Kh1
Nxc6 34. Rd7 Bf6 35. Nd5 Be5 36. Rf2 Re8 37. Rff7 Nd8 38. Rfe7 Rxe7 39. Rxd8+
1-0

[Event "Ch BLR U20 g"]
[Site "?"]
[Date "2015.04.10"]
[Round "8.1"]
[White "Nevioselaya, M."]
[Black "Uzlavataya, A."]
[Result "0-1"]
[WhiteElo "2028"]
[BlackElo "1989"]
[PlyCount "56"]
[EventDate "2015.??.??"]

1. e4 c5 2. Nf3 d6 3. d4 cxd4 4. Qxd4 Nc6 5. Bb5 Bd7 6. Bxc6 Bxc6 7. Nc3 Nf6 8.
Bg5 e6 9. O-O-O Be7 10. Qd3 O-O 11. Nd4 Rc8 12. f4 Qa5 13. h4 Rfd8 14. g4 Be8
15. f5 b5 16. Ndxb5 Rc5 17. Nd4 Rb8 18. Nb3 Rxb3 19. axb3 Qa1+ 20. Nb1 Bb5 21.
Qd4 h6 22. Qg1 hxg5 23. hxg5 Nxe4 24. f6 Nxf6 25. Qh2 Nh5 26. gxh5 Bxg5+ 27.
Rd2 Bd3 28. Qxd6 Rxc2+ 0-1

[Event "Ch BLR U20 g"]
[Site "?"]
[Date "2015.04.10"]
[Round "8.2"]
[White "Kaliadzich, M."]
[Black "Fiadosenka, R."]
[Result "1-0"]
[WhiteElo "2080"]
[BlackElo "1952"]
[PlyCount "55"]
[EventDate "2015.??.??"]

1. d4 Nf6 2. c4 g6 3. Nc3 Bg7 4. Bg5 O-O 5. Qd2 c5 6. d5 d6 7. e4 Na6 8. Be2
Nc7 9. h4 h5 10. Rd1 a6 11. a4 Rb8 12. f3 Bd7 13. e5 Nfe8 14. e6 fxe6 15. Qc2
exd5 16. Qxg6 Bf5 17. Qxh5 d4 18. Ne4 Bxe4 19. fxe4 Ne6 20. Bg4 Nf4 21. Bxf4
Rxf4 22. Be6+ Kf8 23. Ne2 Rf6 24. Rf1 Qc7 25. Nf4 Bh6 26. Nd5 Qa5+ 27. b4 Ng7
28. Rxf6+ 1-0

[Event "Ch BLR U20 g"]
[Site "?"]
[Date "2015.04.10"]
[Round "8.3"]
[White "Stashis, A."]
[Black "Badelko, O."]
[Result "0-1"]
[WhiteElo "1842"]
[BlackElo "2046"]
[PlyCount "124"]
[EventDate "2015.??.??"]

1. e4 c5 2. d4 cxd4 3. c3 d3 4. Bxd3 d6 5. h3 Nc6 6. c4 g6 7. Nc3 Bg7 8. Nf3
Nf6 9. O-O O-O 10. Be3 a6 11. Qd2 Be6 12. Rac1 Rc8 13. Na4 Nd7 14. Ng5 Nce5 15.
Nxe6 fxe6 16. Be2 Nc5 17. Nxc5 dxc5 18. Qc2 Qb6 19. f4 Nc6 20. e5 Rcd8 21. Rcd1
Rxd1 22. Rxd1 Bh6 23. g3 Nxe5 24. Qe4 Nf7 25. Bg4 e5 26. fxe5 Bxe3+ 27. Qxe3
Qxb2 28. Qxc5 Qxe5 29. Qxe5 Nxe5 30. Be6+ Kg7 31. Rb1 Nf3+ 32. Kg2 Nd4 33. Bd5
b5 34. cxb5 axb5 35. Rb4 e5 36. Be4 Rc8 37. Bd3 Ra8 38. Rb2 b4 39. Bc4 Rb8 40.
Bd5 Kf6 41. Kf2 Ke7 42. g4 Kd6 43. Bg2 b3 44. axb3 Rxb3 45. Ra2 Rb6 46. Ke3 Ke6
47. Ke4 Nb5 48. Ra8 Nd6+ 49. Ke3 Rb3+ 50. Kf2 e4 51. Ra2 Ke5 52. Re2 Kf4 53.
Kf1 Kg3 54. Bxe4 Nxe4 55. Rxe4 Rb1+ 56. Ke2 Kxh3 57. g5 Kg3 58. Kd3 Rh1 59. Re5
Kg4 60. Kd4 Rh5 61. Re4+ Kxg5 62. Re5+ Kg4 0-1

[Event "Ch BLR U20 g"]
[Site "?"]
[Date "2015.04.10"]
[Round "8.4"]
[White "Khrapko, M."]
[Black "Malatsilava, V."]
[Result "0-1"]
[WhiteElo "1931"]
[BlackElo "2063"]
[PlyCount "86"]
[EventDate "2015.??.??"]

1. e4 c5 2. Nf3 e6 3. d4 cxd4 4. Nxd4 a6 5. Bd3 Nf6 6. O-O d6 7. c4 Nc6 8. Nxc6
bxc6 9. Nc3 Be7 10. Be3 e5 11. h3 O-O 12. Kh2 Be6 13. g4 g6 14. Be2 Rb8 15. Rb1
a5 16. Rg1 Qd7 17. g5 Ne8 18. h4 Ng7 19. h5 Qc7 20. Rh1 Qd8 21. Qd2 Bc8 22.
Rbg1 Ne6 23. Rg3 Rb7 24. Kg1 Re8 25. Nd1 Rf8 26. f3 Rd7 27. Nf2 d5 28. exd5
cxd5 29. cxd5 Rxd5 30. Qc1 Nf4 31. Bc4 Bxg5 32. hxg6 hxg6 33. Bxf4 Bxf4 34.
Bxd5 Qxd5 35. Qc2 Bxg3 36. Ne4 Qd4+ 37. Kg2 Bf4 38. Rd1 Qe3 39. Nf6+ Kg7 40.
Nd5 Qa7 41. Qc3 Bh3+ 42. Kh1 Qf2 43. Nxf4 Bg2+ 0-1

[Event "Ch BLR U20 g"]
[Site "?"]
[Date "2015.04.10"]
[Round "8.5"]
[White "Mitskevich, Y."]
[Black "Kusenkova, N."]
[Result "1/2-1/2"]
[WhiteElo "1957"]
[BlackElo "2014"]
[PlyCount "53"]
[EventDate "2015.??.??"]

1. e4 c5 2. Nf3 Nc6 3. Bb5 e6 4. O-O Nge7 5. Re1 a6 6. Bxc6 Nxc6 7. d4 cxd4 8.
Nxd4 Bc5 9. Nxc6 bxc6 10. Be3 Bxe3 11. Rxe3 d5 12. exd5 cxd5 13. Rd3 Qc7 14.
Nd2 O-O 15. c4 Bb7 16. Rc1 Rac8 17. Rg3 dxc4 18. Rxc4 Qd7 19. Qe2 Rfd8 20. Nf1
Rxc4 21. Qxc4 Bc6 22. h3 Bb5 23. Qc3 f5 24. Nd2 Qd4 25. Qc7 Qd7 26. Qe5 Qe7 27.
Qc3 1/2-1/2

[Event "Ch BLR U20 g"]
[Site "?"]
[Date "2015.04.11"]
[Round "9.2"]
[White "Malatsilava, V."]
[Black "Mitskevich, Y."]
[Result "0-1"]
[WhiteElo "2063"]
[BlackElo "1957"]
[PlyCount "102"]
[EventDate "2015.??.??"]

1. e4 e5 2. Nc3 Nf6 3. g3 d5 4. exd5 Nxd5 5. Bg2 Nxc3 6. bxc3 Bc5 7. Ne2 Nc6 8.
O-O O-O 9. Rb1 Bb6 10. c4 Bg4 11. h3 Be6 12. d3 Qe7 13. Nc3 Rad8 14. Nd5 Bxd5
15. cxd5 Nd4 16. Bd2 c5 17. a4 Nf5 18. a5 Bc7 19. Rxb7 Ra8 20. Qg4 g6 21. Rfb1
Nd6 22. R7b3 f5 23. Qe2 Qf6 24. Bc3 Rae8 25. Re1 Nf7 26. Rb7 Bd6 27. Rxa7 f4
28. gxf4 Qxf4 29. Qd2 Qf5 30. h4 g5 31. Re4 Rb8 32. Qe3 Rb1+ 33. Be1 Bb8 34.
Re7 g4 35. a6 Ra1 36. Re6 Bc7 37. Bf1 Nd8 38. Rh6 Nf7 39. Rc6 Bd8 40. Qg3 h5
41. Bc3 Ra2 42. Bxe5 Bxh4 43. Qxh4 Nxe5 44. Rxe5 Qxe5 45. Rh6 Kf7 46. d4 cxd4
47. d6 Ra1 48. d7 Rb8 49. d8=Q Rxf1+ 50. Kxf1 Rb1+ 51. Kg2 Qe4+ 0-1

[Event "Ch BLR U20 g"]
[Site "?"]
[Date "2015.04.11"]
[Round "9.3"]
[White "Badelko, O."]
[Black "Khrapko, M."]
[Result "1-0"]
[WhiteElo "2046"]
[BlackElo "1931"]
[PlyCount "91"]
[EventDate "2015.??.??"]

1. d4 c5 2. d5 e5 3. c4 d6 4. e4 g6 5. Nc3 Bg7 6. Bd3 Nf6 7. Nge2 O-O 8. O-O
Nbd7 9. f3 Nh5 10. g4 Nf4 11. Nxf4 exf4 12. Bxf4 Ne5 13. Bg3 h5 14. gxh5 gxh5
15. Kh1 h4 16. Bxe5 dxe5 17. Rg1 Qf6 18. Be2 Kh7 19. Qd3 Bh6 20. Nd1 Bf4 21.
Ne3 Bd7 22. d6 Qe6 23. Nf5 Rg8 24. Rxg8 Rxg8 25. Bf1 Qg6 26. Bh3 Qg5 27. Qf1
Qf6 28. Rd1 Rg5 29. Qf2 Rg6 30. Qxc5 b6 31. Qf2 Kh8 32. Qxh4+ Rh6 33. Qxf6+
Rxf6 34. Bg4 Bxf5 35. Bxf5 Rh6 36. h3 Bg5 37. d7 Bd8 38. Rd5 f6 39. Rd6 Kg7 40.
Re6 Rh8 41. Re8 Rf8 42. h4 Rh8 43. Kg2 Bc7 44. h5 Rxh5 45. d8=Q Bxd8 46. Rxd8
1-0

[Event "Ch BLR U20 g"]
[Site "?"]
[Date "2015.04.11"]
[Round "9.4"]
[White "Fiadosenka, R."]
[Black "Stashis, A."]
[Result "1-0"]
[WhiteElo "1952"]
[BlackElo "1842"]
[PlyCount "85"]
[EventDate "2015.??.??"]

1. Nf3 f5 2. b3 d6 3. d4 g6 4. Bb2 Bg7 5. c4 Nf6 6. Nc3 O-O 7. Qc2 c6 8. e3 Qc7
9. Be2 e5 10. dxe5 dxe5 11. O-O e4 12. Nd4 Re8 13. Rad1 Nbd7 14. b4 Ne5 15. b5
Neg4 16. g3 g5 17. Bc1 Ne5 18. f4 exf3 19. Nxf3 Nxf3+ 20. Bxf3 g4 21. Bg2 Qb6
22. Na4 Qc7 23. bxc6 bxc6 24. Nc5 Bh6 25. Qc3 Bg7 26. Qd3 Qb6 27. Qd6 Ne4 28.
Nxe4 fxe4 29. c5 Qa5 30. Qxc6 Ba6 31. Qd5+ Kh8 32. Rf7 Rad8 33. Rd7 Rxd7 34.
Qxd7 Bb5 35. c6 Rf8 36. Qd5 Qa4 37. c7 Be2 38. Rd2 Bd3 39. Qe6 Qe8 40. Qxe8
Rxe8 41. Bxe4 Ba6 42. Rd8 Rf8 43. Ba3 1-0

[Event "Ch BLR U20 g"]
[Site "?"]
[Date "2015.04.11"]
[Round "9.5"]
[White "Uzlavataya, A."]
[Black "Kaliadzich, M."]
[Result "0-1"]
[WhiteElo "1989"]
[BlackElo "2080"]
[PlyCount "128"]
[EventDate "2015.??.??"]

1. e4 c5 2. Nc3 Nc6 3. Bb5 g6 4. Bxc6 dxc6 5. d3 e5 6. Be3 Qe7 7. Qd2 Nf6 8. h3
Nd7 9. Nge2 Bg7 10. O-O Nf8 11. f4 Ne6 12. Rae1 Bd7 13. Nd1 O-O-O 14. Qa5 Kb8
15. c3 f5 16. exf5 gxf5 17. Ng3 b6 18. Qa3 Rdf8 19. d4 exd4 20. cxd4 Nxd4 21.
Bf2 Qd6 22. Qd3 Re8 23. Kh1 Nb5 24. Qf3 Be6 25. Ne3 Nd4 26. Qd1 Bh6 27. Qh5
Bxf4 28. Nexf5 Nxf5 29. Nxf5 Qd5 30. Ng7 Qxh5 31. Nxh5 Bd2 32. Rd1 Bc4 33. Bg3+
Kb7 34. Rg1 Re2 35. Bh4 Rg8 36. Ng3 Rge8 37. Nxe2 Rxe2 38. b3 Bd5 39. Rdf1 Bc3
40. Rf2 Re4 41. Bf6 Be1 42. Rf5 Re3 43. Rh5 Be4 44. Rf1 Re2 45. Rg5 Ka6 46. Rg4
h5 47. Rg7 h4 48. Rxe1 Rxe1+ 49. Kh2 Re2 50. Rg4 Bf3 51. Rg7 Rxa2 52. Bxh4 Bd5
53. Bf6 Bxb3 54. h4 Bd1 55. Kg3 b5 56. Kf4 Rf2+ 57. Ke5 c4 58. Ke6 c5 59. Be7
Re2+ 60. Kd6 c3 61. Bg5 Rxg2 62. Rg6 Bh5 63. Rf6 Rxg5 64. hxg5 c2 0-1